| 000 | 00514cam a22001575a 4500 | ||
|---|---|---|---|
| 020 | _a9054106565 : | ||
| 082 |
_a624.15132 _bBIE _cD |
||
| 100 |
_aBieniawski _942510 |
||
| 245 | 0 | 0 |
_aMilestones in rock engineering : _bthe Bieniawsky jubilee collection. |
| 260 |
_aRotterdam ; _aBrookfield, VT : _bBalkema, _c1996. |
||
| 300 |
_a454 p. _bill. _c26 cm. |
||
| 526 |
_a0 _b0 _c0 _d624_151320000000000_BIE |
||
| 650 |
_aD _96527 |
||
| 856 | 4 | 2 | _uhttp://www.loc.gov/catdir/enhancements/fy0916/99226658-d.html |
| 942 |
_2ddc _cBK |
||
| 999 |
_c546385 _d546385 |
||